000 00682cam a22002413a 4500
001 28366
003 PGUSA
005 20140828083619.0
008 090320s2009||||xxu|||||s|||||000 1 eng d
040 _aPGUSA
_beng
042 _adc
050 4 _aPS
100 1 _aLane, Elinor Macartney,
_d1864-1909
245 1 0 _aNancy Stair :
_bA Novel
_h[electronic resource] /
_cElinor Macartney Lane
260 _bProject Gutenberg,
_c2009
506 _aPublic domain in the USA.
516 _aElectronic text
653 _aYoung women -- Fiction
653 _aScotland -- Fiction
830 0 _aProject Gutenberg
_v28366
856 4 0 _uhttp://www.gutenberg.org/ebooks/28366
942 _cEB
999 _c257621
_d257621